000 00832cam a2200265 4500
001 B2371
008 090401t1989 xxu||||| |||| 00| 0 eng d
035 _a(Sirsi) u49685
041 _aeng
050 _a690.25
110 _aBuilding Research Establishment
245 _aExternal walls: external combustible plastics insulation: fixings.
260 _aGarston,Watford
_bBuilding Research Establishment
_c1989
300 _a1 Sheet : ill. ; 30cm.
350 _a0
490 _aDefect Action Sheet
_v132 (Site)
490 _aDAS
_v132
650 _aBUILDING DEFECTS
650 _aBUILT ENVIRONMENT-BUILDING ELEMENTS-COMPLETE BUILDING ELEMENTS-WALLS-EXTERNAL WALLS
650 _aFIRE
650 _aINFLAMMABLE MATERIALS
690 _aBUILDING AND CONSTRUCTION-DEFECTS AND FAILURES
942 _n0
948 _c04/03/1997
999 _c92589
_d92589